[Event "Baltic Sea Cup"]
[Site "Ronne"]
[Date "2007.08.02"]
[Round "5.51"]
[White "Zachariassen, John"]
[Black "Dinesen, Erland"]
[Result "1-0"]
[WhiteElo "1939"]
[BlackElo "1586"]
[PlyCount "131"]
[EventDate "2007.07.30"]
[EventType "swiss"]
[EventRounds "9"]
[EventCountry "DEN"]
[SourceTitle "EXT 2023"]
[Source "ChessBase"]
[SourceDate "2022.10.05"]
[SourceVersion "1"]
[SourceVersionDate "2022.10.05"]
[SourceQuality "1"]

1. c4 Nf6 2. g3 g6 3. Bg2 Bg7 4. Nc3 c6 5. Nf3 d6 6. 0-0 0-0 7. d4 Nbd7 8. e4 Qc7 9. b4 e5 10. dxe5 dxe5 11. Qe2 Re8 12. Bb2 b6 13. a4 Rb8 14. Rac1 Bf8 15. b5 Bb7 16. Rfd1 Nc5 17. Qc2 Bh6 18. Ra1 a5 19. Ba3 Bf8 20. Ne1 Rbd8 21. Bxc5 Bxc5 22. Nd3 Bd4 23. Rac1 Qc8 24. bxc6 Bxc6 25. Nd5 Bxd5 26. cxd5 Qd7 27. Qc6 Kg7 28. Rc4 Qd6 29. Qxd6 Rxd6 30. Rc7 h5 31. Rdc1 g5 32. R1c2 g4 33. Kf1 Nh7 34. Rb7 Ng5 35. Rcc7 Rf6 36. Ke2 Rd6 37. f3 Rf6 38. f4 exf4 39. Nxf4 Kh6 40. Kd3 Bc5 41. Rd7 Ba3 42. Rbc7 Bc5 43. Rc6 Rxc6 44. dxc6 Nf3 45. Bxf3 gxf3 46. Rxf7 f2 47. Nh3 Kg6 48. Rf5 Rc8 49. Nxf2 Rxc6 50. Nh3 Rd6+ 51. Kc3 Bb4+ 52. Kc4 Rd2 53. Nf4+ Kg7 54. Rxh5 Bc5 55. Nd3 Bg1 56. h4 Kg6 57. Rg5+ Kf6 58. e5+ Kf7 59. h5 Be3 60. Rg6 Ra2 61. Kb3 Rh2 62. g4 Rh3 63. Kc4 Bd2 64. Rxb6 Re3 65. g5 Re4+ 66. Kd5 1-0

[Event "Baltic Sea Cup"]
[Site "Ronne"]
[Date "2007.08.01"]
[Round "3.45"]
[White "Hansen, Lars Henrik Bech"]
[Black "Dinesen, Erland"]
[Result "1-0"]
[WhiteElo "2070"]
[BlackElo "1586"]
[PlyCount "58"]
[EventDate "2007.07.30"]
[EventType "swiss"]
[EventRounds "9"]
[EventCountry "DEN"]
[SourceTitle "EXT 2023"]
[Source "ChessBase"]
[SourceDate "2022.10.05"]
[SourceVersion "1"]
[SourceVersionDate "2022.10.05"]
[SourceQuality "1"]

1. e4 c6 2. d4 d5 3. exd5 cxd5 4. Bd3 e6 5. Nf3 Nc6 6. c3 Nf6 7. 0-0 Bd6 8. Re1 Ne7 9. Bg5 Ng6 10. Ne5 Qc7 11. f4 Be7 12. Nd2 Nd7 13. Bxe7 Nxe7 14. Qg4 Nxe5 15. fxe5 Ng6 16. Re3 Qe7 17. Rh3 Kd7 18. c4 Qb4 19. Rd1 Ke8 20. Bxg6 fxg6 21. Rxh7 Rxh7 22. Qxg6+ Kd7 23. Qxh7 Qxb2 24. Qxg7+ Kc6 25. cxd5+ Kxd5 26. Nf1 Qe2 27. Rd2 Qe1 28. Qf8 b6 29. Qf3+ Kc4 1-0

[Event "Baltic Sea Cup"]
[Site "Ronne"]
[Date "2007.07.30"]
[Round "1.48"]
[White "Christiansen, Jens Jorgen"]
[Black "Dinesen, Erland"]
[Result "1-0"]
[WhiteElo "2159"]
[BlackElo "1586"]
[PlyCount "85"]
[EventDate "2007.07.30"]
[EventType "swiss"]
[EventRounds "9"]
[EventCountry "DEN"]
[SourceTitle "EXT 2023"]
[Source "ChessBase"]
[SourceDate "2022.10.05"]
[SourceVersion "1"]
[SourceVersionDate "2022.10.05"]
[SourceQuality "1"]

1. d4 Nf6 2. c4 g6 3. Nc3 Bg7 4. e4 d6 5. Bd3 Nc6 6. Nge2 e5 7. d5 Ne7 8. 0-0 0-0 9. f3 Nd7 10. Rb1 Nc5 11. Bc2 a5 12. a3 f5 13. b4 axb4 14. axb4 Nd7 15. exf5 Nxf5 16. Ne4 Nf6 17. c5 Ne7 18. Bg5 Nxe4 19. fxe4 h6 20. Be3 Bg4 21. h3 Bd7 22. Rxf8+ Qxf8 23. Ra1 Bb5 24. Nc3 Bd7 25. b5 Rxa1 26. Qxa1 Qb8 27. Kh2 g5 28. Qa2 Be8 29. Bd1 Bf7 30. Qa3 Ng6 31. g3 Bf6 32. Bh5 Kg7 33. Bg4 Nf8 34. cxd6 cxd6 35. b6 h5 36. Qa7 Qd8 37. Bf5 Nd7 38. Qxb7 Nc5 39. Bxc5 dxc5 40. Be6 Be7 41. Bxf7 Kxf7 42. d6 Qxd6 43. Nd5 1-0